Normal view
MARC view
- Mr. Abdul Ghafoor
Entry Personal Name
001 - CONTROL NUMBER
- control field: 55237
003 - CONTROL NUMBER IDENTIFIER
- control field: NUST
005 - DATE AND TIME OF LATEST TRANSACTION
- control field: 20210520115424.0
008 - FIXED-LENGTH DATA ELEMENTS
- fixed length control field: 210520|| aca||aabn | a|a d
040 ## - CATALOGING SOURCE
- Original cataloging agency: NUST
- Transcribing agency: NUST
100 ## - HEADING--PERSONAL NAME
- Personal name: Mr. Abdul Ghafoor
670 ## - SOURCE DATA FOUND
- Source citation: Work cat.: (NUST): Maryam Sajjad and Faiza Ali. 55235, Secure Email for Smart Phones /, 2012.
